Povrchová úprava výrobků : stručný přehled technologie povrchových úprav výrobků pro školní dílny ZDŠ a ZŠ /

Hlavní autor: Máchal, Aleš, 1952-
Jazyk: Čeština
Vydáno: Brno : Krajský pedagogický ústav, 1976
Témata:
Fyzický popis: 7 s.
Knihy
Uloženo v:
LEADER 01032nam a2200229 a 4500
001 000589963
003 CZ BrMZK
005 20191120135122.0
007 ta
008 020312s1976 xr f cze d
040 |a BOA001  |b cze  |c BOA001 
100 1 |a Máchal, Aleš,  |d 1952-  |7 jn19990216129  |4 aut 
245 1 0 |a Povrchová úprava výrobků :  |b stručný přehled technologie povrchových úprav výrobků pro školní dílny ZDŠ a ZŠ /  |c Aleš Máchal 
260 |a Brno :  |b Krajský pedagogický ústav,  |c 1976 
300 |a 7 s. 
504 |a Obsahuje bibliografii 
910 |a BOA001  |b PK-N-0017.788  |b X2-0755.752 
964 |a Výrobky - povrch - úprava - listy metodické - školy základní devítileté 
990 |a BK 
996 6 |b 2618834828  |c X2-0755.752  |l MZK  |r Sklad / do 24 hodin  |n 0  |w 000589963  |u 000030  |a 1  |e BOA001  |j MZK50  |s P 
996 7 |b 2618834829  |c X2-0755.752  |l MZK  |r Sklad / do 24 hodin  |n 0  |w 000589963  |u 000020  |a 1  |e BOA001  |j MZK50  |s A 
996 7 |b 3119933731  |c PK-N-0017.788  |l MZK  |r Sklad / do 1 hodiny  |n 2  |w 000589963  |u 000010  |a 1  |e BOA001  |j MZK50  |s A